000 00478nam a2200181Ia 4500
005 20250603145900.0
008 250603s9999 xx 000 0 und d
020 _a9781774914199
050 _aTK 1005 .I55/
100 _aEdited by Sheila Mahapatra, Mohan Krishna S., B. Chandra Sekhar, Saurav Raj.
245 4 _aThe internet of energy
260 _aPalm Bay
260 _bApple Academic Press
260 _c2024
300 _a394 p
650 _aPalm Bay
942 _cBK
999 _c43137
_d43137